<?xml version="1.0" encoding="UTF-8"?>
<collection xmlns="http://www.loc.gov/MARC21/slim">
 <record>
  <leader>01066pam a22003138a 4500</leader>
  <controlfield tag="001">00032294</controlfield>
  <controlfield tag="005">20171026081025.0</controlfield>
  <controlfield tag="008">140605s2009                  ||||||engsd</controlfield>
  <datafield tag="020" ind1="#" ind2="#">
   <subfield code="c">80000</subfield>
   <subfield code="a">9780071272254</subfield>
  </datafield>
  <datafield tag="041" ind1="0" ind2="#">
   <subfield code="a">eng</subfield>
  </datafield>
  <datafield tag="082" ind1="1" ind2="4">
   <subfield code="a">428</subfield>
   <subfield code="b">I300N</subfield>
  </datafield>
  <datafield tag="100" ind1="0" ind2="#">
   <subfield code="a">Kirn,Elaine</subfield>
  </datafield>
  <datafield tag="245" ind1="0" ind2="0">
   <subfield code="a">Interactions 1</subfield>
   <subfield code="b">Reading</subfield>
   <subfield code="c">Elaine Kirn, Pamela Hartmann</subfield>
  </datafield>
  <datafield tag="250" ind1="#" ind2="#">
   <subfield code="a">silver edition</subfield>
  </datafield>
  <datafield tag="260" ind1="#" ind2="#">
   <subfield code="a">New York; TP Hồ Chí Minh</subfield>
   <subfield code="b">MC-Graw Hill; Tổng hợp TP Hồ Chí Minh</subfield>
   <subfield code="c">2009</subfield>
  </datafield>
  <datafield tag="300" ind1="#" ind2="#">
   <subfield code="a">xvii,240p.</subfield>
   <subfield code="c">27cm.</subfield>
  </datafield>
  <datafield tag="490" ind1="#" ind2="#">
   <subfield code="a">Tủ sách tiếng Anh cho sinh viên</subfield>
  </datafield>
  <datafield tag="653" ind1="#" ind2="#">
   <subfield code="a">Kỹ năng đọc</subfield>
  </datafield>
  <datafield tag="653" ind1="#" ind2="#">
   <subfield code="a">Đọc hiểu</subfield>
  </datafield>
  <datafield tag="653" ind1="#" ind2="#">
   <subfield code="a">Tự học</subfield>
  </datafield>
  <datafield tag="653" ind1="#" ind2="#">
   <subfield code="a">Tiếng Anh</subfield>
  </datafield>
  <datafield tag="653" ind1="#" ind2="#">
   <subfield code="a">Ngôn ngữ</subfield>
  </datafield>
  <datafield tag="700" ind1="0" ind2="#">
   <subfield code="a">Hartmann,Pamela</subfield>
  </datafield>
  <datafield tag="852" ind1="#" ind2="#">
   <subfield code="j">KD.0019903</subfield>
   <subfield code="j">KM.0020992</subfield>
   <subfield code="j">KM.0016936</subfield>
   <subfield code="j">KM.0016935</subfield>
   <subfield code="j">KM.0020854</subfield>
  </datafield>
  <datafield tag="852" ind1="#" ind2="#">
   <subfield code="b">Kho đọc</subfield>
   <subfield code="j">KD.0019903</subfield>
  </datafield>
  <datafield tag="852" ind1="#" ind2="#">
   <subfield code="b">Kho mượn</subfield>
   <subfield code="j">KM.0016935, KM.0016936, KM.0020854, KM.0020992</subfield>
  </datafield>
  <datafield tag="910" ind1=" " ind2=" ">
   <subfield code="d">5/6/2014</subfield>
  </datafield>
  <datafield tag="980" ind1="#" ind2="#">
   <subfield code="a">Trung tâm Học liệu Lê Vũ Hùng, Trường Đại học Đồng Tháp</subfield>
  </datafield>
 </record>
</collection>
